Biointegration of medical implant materials (Record no. 32546)

000 -LEADER
fixed length control field 03297cam a22004937a 4500
001 - CONTROL NUMBER
control field 11241820
003 - CONTROL NUMBER IDENTIFIER
control field OSt
005 - DATE AND TIME OF LATEST TRANSACTION
control field 20210923163634.0
006 - FIXED-LENGTH DATA ELEMENTS--ADDITIONAL MATERIAL CHARACTERISTICS
fixed length control field m d
007 - PHYSICAL DESCRIPTION FIXED FIELD--GENERAL INFORMATION
fixed length control field cr n
008 - FIXED-LENGTH DATA ELEMENTS--GENERAL INFORMATION
fixed length control field 130912s2010 flua sb 001 0 eng d
016 7# - NATIONAL BIBLIOGRAPHIC AGENCY CONTROL NUMBER
Record control number 101552812
Source DNLM
020 ## - INTERNATIONAL STANDARD BOOK NUMBER
International Standard Book Number 9781845695095
035 ## - SYSTEM CONTROL NUMBER
System control number (WaSeSS)ssj0000815305
038 ## - RECORD CONTENT LICENSOR
Staff Name khadija
040 ## - CATALOGING SOURCE
Original cataloging agency NLM
Language of cataloging eng
Transcribing agency NLM
Modifying agency BTCTA
-- YDXCP
-- EYM
-- UAB
-- BDX
-- OCLCO
-- N5L
-- DLC
-- WaSeSS
042 ## - AUTHENTICATION CODE
Authentication code nlmcopyc
-- lccopycat
050 #4 - LIBRARY OF CONGRESS CALL NUMBER
Classification number RD132
Item number .B56 2010
060 00 - NATIONAL LIBRARY OF MEDICINE CALL NUMBER
Classification number 2011 B-196
060 10 - NATIONAL LIBRARY OF MEDICINE CALL NUMBER
Classification number QT 37
082 04 - DEWEY DECIMAL CLASSIFICATION NUMBER
Classification number 610
Author Mark BIO
210 10 - ABBREVIATED TITLE
Abbreviated title BIOINTEGRATION OF MEDICAL IMPLANT MATERIALS SCIENCE AND DESIGN
245 00 - TITLE STATEMENT
Title Biointegration of medical implant materials
Remainder of title science and design /
Statement of responsibility, etc. edited by Chandra P. Sharma.
260 ## - PUBLICATION, DISTRIBUTION, ETC.
Place of publication, distribution, etc. Boca Raton :
Name of publisher, distributor, etc. CRC Press ;
Place of publication, distribution, etc. Oxford :
Name of publisher, distributor, etc. Woodhead,
Date of publication, distribution, etc. 2010.
490 1# - SERIES STATEMENT
Series statement Woodhead publishing in materials
504 ## - BIBLIOGRAPHY, ETC. NOTE
Bibliography, etc. note Includes bibliographical references and index.
506 ## - RESTRICTIONS ON ACCESS NOTE
Terms governing access License restrictions may limit access.
520 ## - SUMMARY, ETC.
Summary, etc. Biointegration is essential for the successful performance of implanted materials and devices within the human body. With an increasing number and wide range of implant procedures being performed, it is critical that materials scientists and engineers effectively design implant materials which will create a positive biological and mechanical response with the host tissue. Biointegration of medical implant materials provides a unique and comprehensive review of recent techniques and research into material and tissue interaction and integration. Part 1 discusses soft tissue biointegration with chapters on the biocompatibility of engineered stem cells, corneal tissue engineering and vascular grafts. Part 2 then reviews particular techniques in drug delivery including inorganic nanoparticles for targeted drug delivery and alginate based drug delivery devices. Part 3 covers design considerations with coverage of themes such as biocompatibility of materials and its relevance to drug delivery and tissue engineering, mechanisms of failure of medical implants during long term use and rapid prototyping in biomedical engineering. With its distinguished editor and team of international contributors, Biointegration of medical implant materials: science and design will be a standard reference for medical materials scientists and engineers in industry and the academic sector.--Back cover.
563 ## - BINDING INFORMATION
Binding note hardcover
650 #0 - SUBJECT ADDED ENTRY--TOPICAL TERM
Topical term or geographic name entry element Implants, Artificial.
9 (RLIN) 82686
650 #0 - SUBJECT ADDED ENTRY--TOPICAL TERM
Topical term or geographic name entry element Implants, Artificial
General subdivision Design and construction.
9 (RLIN) 82687
650 #0 - SUBJECT ADDED ENTRY--TOPICAL TERM
Topical term or geographic name entry element Biomedical materials
General subdivision Design.
9 (RLIN) 82688
650 #0 - SUBJECT ADDED ENTRY--TOPICAL TERM
Topical term or geographic name entry element Tissue engineering.
9 (RLIN) 81216
650 12 - SUBJECT ADDED ENTRY--TOPICAL TERM
Topical term or geographic name entry element Biocompatible Materials.
9 (RLIN) 81300
650 22 - SUBJECT ADDED ENTRY--TOPICAL TERM
Topical term or geographic name entry element Biomedical and Dental Materials.
9 (RLIN) 82689
650 22 - SUBJECT ADDED ENTRY--TOPICAL TERM
Topical term or geographic name entry element Drug Delivery Systems.
9 (RLIN) 82690
650 22 - SUBJECT ADDED ENTRY--TOPICAL TERM
Topical term or geographic name entry element Prostheses and Implants.
9 (RLIN) 82691
700 1# - ADDED ENTRY--PERSONAL NAME
Personal name Sharma, Chandra P.
9 (RLIN) 82692
773 #0 - HOST ITEM ENTRY
Title eBook - Materials and Engineering 2009 - 2011 (Woodhead migration) [EBCWME11]
830 #0 - SERIES ADDED ENTRY--UNIFORM TITLE
Uniform title Woodhead Publishing in materials.
9 (RLIN) 82693
856 40 - ELECTRONIC LOCATION AND ACCESS
Uniform Resource Identifier <a href="http://www.columbia.edu/cgi-bin/cul/resolve?clio11241820">http://www.columbia.edu/cgi-bin/cul/resolve?clio11241820</a>
Public note Full text available from eBook - Materials and Engineering 2009 - 2011 (Woodhead migration) [EBCWME11]
910 ## - USER-OPTION DATA (OCLC)
User-option data Library of Congress record
942 ## - ADDED ENTRY ELEMENTS (KOHA)
Source of classification or shelving scheme
Koha item type Book
Holdings
Withdrawn status Lost status Source of classification or shelving scheme Damaged status Not for loan Permanent Location Current Location Shelving location Date acquired Total Checkouts Full call number Barcode Date last seen Date last checked out Price effective from Koha item type Public note
          School of Mechanical & Manufacturing Engineering (SMME) School of Mechanical & Manufacturing Engineering (SMME) General Stacks 10/02/2015 1 610 BIO SMME-1297 02/20/2024 12/28/2023 10/02/2015 Book Rack,46-Shelf,3
© 2023 Central Library, National University of Sciences and Technology. All Rights Reserved.